00661 2200241 4500001002100000005001700021008004100038020002200079035002500101040001200126082002000138084002000158090002000178100002000198245005200218250001100270260002700281300002400308500003100332650002300363850001200386990002100398INLIS00000000000048220141127092232.0  a978-979-29-3605-6 a0010-101400000000377 aYOPDYOG aDEP 226.7 Ind M aDEP 226.7 Ind M aDEP 226.7 Ind M aINDRAWAN ELEEAS aMukjizat kesembuhan untuk andacINDRAWAN ELEEAS aCet. 1 aYogyakartabAndic2013 ax, 157 hlm.c21 cm. aBibliografi : hlm. 155-157 aMukjizat (Kristen) aYOPDYOG aCB-D.11-2013-899